00598nam a2200205Ia 45000030006000000050017000060080041000230400009000640410012000730820018000851000016001032450025001192600020001443000008001645050021001726500065001939420007002589990017002659520110002820Nust20170105110300.0161124s9999 xx 000 0 und d cIGIS aEnglish a628.1 22bSHA aU.M .Shamsi aUsing ArcCatalog GIS aphot copyc2005 a413 aGIS Applications aGIS Applications for Water Wastewater and Stormwater Systems cBK c31127d31127 001040708TextaIGISbIGISd0000-00-00ephot copyl0o628.1 22SHApIGIS1035r2017-01-05w0000-00-00yBK